| 000 | 00695cam a22002531 4500 | ||
|---|---|---|---|
| 001 | g 01001676 | ||
| 003 | DLC | ||
| 005 | 20260227111255.0 | ||
| 008 | 870403s1886 gw 000 0 ger | ||
| 010 | _ag 01001676 | ||
| 035 | _a(OCoLC)15483917 | ||
| 040 |
_aDLC _cTxDaM _dDLC |
||
| 042 | _apremarc | ||
| 050 | 0 | 0 |
_aPR1644 _b.R3 1886 |
| 100 | 1 |
_aRamhorst, Friedrich Wilhelm, _d1863- |
|
| 245 | 1 | 4 | _aDas altenglische gedicht vom heiligen Andreas und der dichter Cynewulf ... |
| 260 |
_aLeipzig, _bG. Fock, _c1886. |
||
| 300 |
_a1 p. l., 72 [2] p. _c20 cm. |
||
| 500 | _aCover-title. | ||
| 500 | _aInaug.-diss.-Berlin. | ||
| 500 | _aVita. | ||
| 630 | 0 | 0 | _aAndreas. |
| 600 | 0 | 0 | _aCynewulf. |
| 999 |
_c23809 _d23809 |
||